[Event "XXX Ogolnopolski Turniej Juniorow FERIE 2013"]
[Site "Bydgoszcz"]
[Date "1899-12-30"]
[Round "8.9"]
[White "Jozwik, Kacper"]
[Black "Skoczek, Karolina"]
[Result "0-1"]
[WhiteTitle "III"]
[BlackTitle "II+"]
[WhiteElo "1309"]
[BlackElo "1548"]

1. e4 c6 2. d4 d5 3. Nc3 dxe4 4. Nxe4 Bf5 5. Ng3 Bg6 6. h4 h6 7. h5 Bh7 8. Nf3
e6 9. Bd3 Bxd3 10. Qxd3 Nd7 11. Be3 Ngf6 12. O-O-O Be7 13. Qe2 Qa5 14. a3 O-O
15. Bd2 Qb6 16. Be3 c5 17. dxc5 Bxc5 18. Bxc5 Qxc5 19. Ne4 Qc6 20. Nxf6+ Nxf6
21. g3 Rad8 22. Qe3 Ng4 23. Qxa7 Qxf3 24. Rhf1 Rxd1+ 25. Rxd1 Qxf2 26. Qxb7 Ne3
27. Qb6 Qxc2# 0-1

[Event "XXX Ogolnopolski Turniej Juniorow FERIE 2013"]
[Site "Bydgoszcz"]
[Date "1899-12-30"]
[Round "8.10"]
[White "Napierala, Jakub"]
[Black "Borkowska, Zuzanna"]
[Result "0-1"]
[WhiteTitle "III"]
[BlackTitle "II"]
[WhiteElo "1311"]
[BlackElo "1247"]

1. e4 e5 2. Nf3 Nc6 3. d4 exd4 4. Nxd4 Nf6 5. Nxc6 bxc6 6. Nc3 Bb4 7. Bg5 Bxc3+
8. bxc3 d6 9. Bc4 O-O 10. O-O h6 11. Bh4 Qe7 12. Re1 Qe5 13. Qd4 Qxd4 14. cxd4
Nd7 15. Rab1 Nb6 16. Bd3 Be6 17. a3 Rab8 18. f4 Bc4 19. Rxb6 cxb6 20. Bxc4 Rfe8
21. Bd3 b5 22. Bg3 Rbd8 23. e5 dxe5 24. dxe5 a6 25. Be4 Rc8 26. Bh4 Rc7 27. Bf3
c5 28. Rd1 b4 29. Rd3 c4 30. Re3 a5 31. Be1 c3 32. a4 Rb8 33. Rd3 b3 34. cxb3
Rxb3 35. Be4 g6 36. Rd1 c2 37. Rc1 Rb1 38. Bd2 Rxc1+ 39. Bxc1 Rc4 40. Bd3 Rxa4
41. Bxc2 Ra1 42. Kf2 Rxc1 43. Bb3 Ra1 44. e6 fxe6 45. Bxe6+ Kf8 46. Ke2 Ke7 47.
Bb3 a4 48. Bxa4 Rxa4 49. Kf3 g5 50. f5 Rf4+ 51. Kg3 Rxf5 0-1

[Event "XXX Ogolnopolski Turniej Juniorow FERIE 2013"]
[Site "Bydgoszcz"]
[Date "1899-12-30"]
[Round "8.11"]
[White "Losinska, Aleksandra"]
[Black "Wloch, Mikolaj"]
[Result "0-1"]
[WhiteTitle "III"]
[BlackTitle "III"]
[WhiteElo "1190"]
[BlackElo "1287"]

1. e4 c5 2. Nf3 d6 3. d4 cxd4 4. Nxd4 Nf6 5. Nc3 g6 6. Be2 Bg7 7. O-O O-O 8. Re1
Nc6 9. Bc4 Ng4 10. Nxc6 bxc6 11. h3 Nf6 12. Bf4 Be6 13. Bxe6 fxe6 14. e5 Nh5 15.
Bh2 Qb6 16. Qe2 Qxb2 17. Ne4 d5 18. Nc5 Qc3 19. Nxe6 Rf7 20. Nxg7 Nxg7 21. e6
Rff8 22. Rab1 Qc5 23. Rec1 Rf6 24. Rb8+ Rxb8 25. Bxb8 Rxe6 26. Qd2 Qb5 27. Bxa7
Qa6 28. Bd4 Nf5 29. Bc3 Re2 30. Qd3 Qxd3 31. cxd3 Rxa2 32. Bb4 Nd4 33. Kf1 e6
34. Bc5 Nb3 35. Rc3 Nxc5 36. Rxc5 Ra6 37. Ke2 Kf7 38. Ke3 Kf6 39. f4 h5 40. g4
Rb6 41. Rc3 hxg4 42. hxg4 e5 43. d4 exd4+ 44. Kxd4 Rb4+ 45. Kc5 Rxf4 46. Kxc6
Rc4+ 47. Rxc4 dxc4 48. Kd5 c3 0-1

[Event "XXX Ogolnopolski Turniej Juniorow FERIE 2013"]
[Site "Bydgoszcz"]
[Date "1899-12-30"]
[Round "8.12"]
[White "Wierzbowska, Aleksandra"]
[Black "Kulpinski, Jakub"]
[Result "0-1"]
[WhiteTitle "II"]
[BlackTitle "III"]
[WhiteElo "1490"]
[BlackElo "1406"]

1. d4 Nf6 2. c4 e6 3. Nc3 b6 4. e4 d6 5. Bg5 Be7 6. Nf3 Bb7 7. Bd3 O-O 8. O-O Nfd7
9. Bxe7 Qxe7 10. d5 Na6 11. a3 c5 12. Nd2 Nc7 13. Qh5 Ne5 14. Bc2 Ne8 15. f4 Ng6
16. g4 Nf6 17. Qh3 e5 18. f5 Nf4 19. Qg3 a6 20. g5 N6h5 21. Qg4 Bc8 22. Qh4 f6
23. g6 hxg6 24. fxg6 Qe8 25. Kh1 Qxg6 26. Rg1 Qh6 27. Bd1 g5 28. Bxh5 Nxh5 29.
Nf3 Kf7 30. Nxg5+ fxg5 31. Rxg5 Rh8 32. Rag1 Bd7 33. Rg6 Qf4 34. Qxf4+ Nxf4 35.
Rxd6 Bh3 36. Na4 b5 37. cxb5 axb5 38. Nxc5 Rac8 39. b4 Rhg8 40. Rxg8 Rxg8 41.
Nd7 Ke7 42. Nf6 Rg6 43. Rb6 Ne2 44. d6+ Kf7 45. Ng4 Rxg4 46. Rb7+ Kf6 0-1

[Event "XXX Ogolnopolski Turniej Juniorow FERIE 2013"]
[Site "Bydgoszcz"]
[Date "1899-12-30"]
[Round "9.2"]
[White "Dobosz, Kacper"]
[Black "Mikolajczak, Wojciech"]
[Result "1/2-1/2"]
[WhiteTitle "II"]
[BlackTitle "II+"]
[WhiteElo "1609"]
[BlackElo "1738"]

1. e4 c5 2. Nf3 Nc6 3. d4 cxd4 4. Nxd4 g6 5. Nc3 Bg7 6. Be3 d6 7. f3 Bd7 8. Bc4
a6 9. O-O Nf6 10. Qd2 O-O 11. Rad1 Re8 12. Rfe1 Ne5 13. Bb3 Rc8 14. Bh6 Bh8 15.
Qg5 Qb6 16. Kh1 Nc4 17. Bxc4 Rxc4 18. Nb3 Be6 19. Qa5 Qxa5 20. Nxa5 Rc7 21. Be3
b5 22. Bb6 Rcc8 23. a3 Bg7 24. Re2 Bc4 25. Nxc4 Rxc4 26. Bd4 Rb8 27. Red2 Bh6
28. Rd3 Nd7 29. Nd5 Kf8 30. Be3 Bg7 31. c3 Nc5 32. Bxc5 Rxc5 33. g3 a5 34. h4
Ke8 35. g4 e6 36. Nf4 Bf8 37. Kg2 b4 38. cxb4 axb4 39. Rb3 Rcb5 40. axb4 Rxb4
41. Rxb4 Rxb4 42. Rb1 Rb3 43. Kg3 Bg7 44. Rd1 Be5 45. g5 Rxb2 46. Kg4 Bxf4 47.
Kxf4 Ke7 48. Ra1 Kf8 49. Rd1 Rb6 50. Rd2 Kg7 51. Rc2 h6 52. Rc7 hxg5+ 53. hxg5
Rb1 54. Rd7 Rd1 55. Kg4 Rg1+ 56. Kh4 Rf1 57. Kg4 Rg1+ 58. Kh4 Rd1 59. Kg4 d5 60.
exd5 Rxd5 61. Rc7 Rd4+ 62. Kg3 Kf8 63. Rb7 Ke8 64. Ra7 Rd7 65. Ra8+ Ke7 66. Ra6
e5 67. Rb6 Rd6 68. Rb4 Ke6 69. Rb7 Rd7 70. Rb8 Kf5 71. Re8 Kxg5 72. Rxe5+ f5 73.
Ra5 Rd3 74. Rb5 Rd6 75. Rc5 Kf6 76. Rc8 Rd1 77. Rc6+ Kg5 78. f4+ Kh5 79. Rc3 g5
80. fxg5 Kxg5 81. Rb3 Rg1+ 82. Kf3 Rh1 83. Rb8 Rh3+ 84. Kf2 Rc3 85. Rb4 f4 86.
Rb8 Kg4 87. Rg8+ Kf5 88. Rf8+ Ke4 89. Re8+ 1/2-1/2

[Event "XXX Ogolnopolski Turniej Juniorow FERIE 2013"]
[Site "Bydgoszcz"]
[Date "1899-12-30"]
[Round "9.3"]
[White "Kopaczewski, Adam"]
[Black "Wisniewski, Szymon"]
[Result "0-1"]
[WhiteTitle "II"]
[BlackTitle "II"]
[WhiteElo "1456"]
[BlackElo "1718"]

1. e4 c5 2. Nf3 Nc6 3. Bc4 g6 4. d4 cxd4 5. Nxd4 Bg7 6. Nxc6 bxc6 7. O-O e6 8.
c3 Nf6 9. e5 Nd5 10. Bxd5 exd5 11. Bf4 O-O 12. Qd2 Qe7 13. Re1 Re8 14. Na3 Qe6
15. Nc2 Qf5 16. Nd4 Qh5 17. Qe2 Qxe2 18. Rxe2 c5 19. Nf3 d6 20. Rae1 dxe5 21.
Bxe5 Bg4 22. Re3 Bh6 23. Rd3 Bxf3 24. Rxf3 Re6 25. Rh3 Bf4 26. Rhe3 Bxe3 27. Rxe3
Rae8 28. Bf4 Rxe3 29. Bxe3 d4 30. cxd4 cxd4 31. Bd2 Re2 0-1

[Event "XXX Ogolnopolski Turniej Juniorow FERIE 2013"]
[Site "Bydgoszcz"]
[Date "1899-12-30"]
[Round "9.4"]
[White "Budnik, Mateusz"]
[Black "Paliwoda, Borys"]
[Result "1-0"]
[WhiteTitle "II"]
[BlackTitle "II"]
[WhiteElo "1698"]
[BlackElo "1481"]

1. e4 c5 2. Nc3 e6 3. f4 d5 4. Bb5+ Nc6 5. e5 Nge7 6. Nf3 Nf5 7. O-O Be7 8. g4
Nfd4 9. Nxd4 cxd4 10. Ne2 Qb6 11. Bxc6+ bxc6 12. d3 c5 13. b3 Ba6 14. Bb2 Bb5
15. Qe1 a5 16. a4 Bd7 17. Qf2 g6 18. Ng3 Bh4 19. Ba3 Rc8 20. Rab1 Qa7 21. Qf3
Bxg3 22. hxg3 Rb8 23. Rbe1 c4 24. f5 gxf5 25. gxf5 Rg8 26. Kg2 cxd3 27. Qxd3 exf5
28. e6 Bxe6 29. Qxf5 Rg6 30. Qe5 Rc8 31. c4 dxc3 32. Qd6 Rc7 33. Rxe6+ Rxe6 34.
Qf8+ Kd7 35. Qxf7+ Kc8 36. Qxe6+ Rd7 37. Rf8+ Kc7 38. Qxd7+ Kxd7 39. Rf7+ Ke6
40. Rxa7 Ke5 41. Kf3 Kd4 42. Rxa5 c2 43. Bc1 h5 44. Rb5 Kc3 45. Rxd5 1-0

[Event "XXX Ogolnopolski Turniej Juniorow FERIE 2013"]
[Site "Bydgoszcz"]
[Date "1899-12-30"]
[Round "9.5"]
[White "Matewski, Marcin"]
[Black "Blocinski, Maciej"]
[Result "1-0"]
[WhiteTitle "II+"]
[BlackTitle "II"]
[WhiteElo "1608"]
[BlackElo "1375"]

1. e4 e5 2. Nf3 Nc6 3. d4 exd4 4. Nxd4 Bc5 5. Be3 Qf6 6. c3 Nge7 7. Bc4 O-O 8.
O-O Bb6 9. Kh1 Ne5 10. Be2 d6 11. Nd2 N5c6 12. N2b3 Qg6 13. Nd2 Qf6 14. Nc4 d5
15. Nxc6 bxc6 16. e5 Qe6 17. Nxb6 cxb6 18. h3 Qxe5 19. Qd2 c5 20. Rac1 Qd6 21.
Bf4 Qc6 22. Bf3 Be6 23. c4 Qd7 24. Rcd1 Rad8 25. Rfe1 d4 26. b3 Ng6 27. Bh2 Rfe8
28. Re2 Nh4 29. Be4 f5 30. Bd3 Qc6 31. Qg5 Ng6 32. Rde1 Qd7 33. Rxe6 Rxe6 34.
Rxe6 Qxe6 35. Qxd8+ Kf7 36. Qd5 Ne7 37. Qxe6+ Kxe6 38. g4 fxg4 39. hxg4 h6 40.
Kg2 Nc6 41. a3 Na5 42. b4 Nb3 43. Kf3 Nc1 44. Bf5+ Kf6 45. Bf4 Na2 46. Bd2 h5
47. Bb1 Nc3 48. Bxc3 dxc3 49. gxh5 Kg5 1-0

[Event "XXX Ogolnopolski Turniej Juniorow FERIE 2013"]
[Site "Bydgoszcz"]
[Date "1899-12-30"]
[Round "9.6"]
[White "Okonski, Mateusz"]
[Black "Chalas, Dawid"]
[Result "1/2-1/2"]
[WhiteTitle "III"]
[BlackTitle "II"]
[WhiteElo "1579"]
[BlackElo "1343"]

1. e4 e5 2. Nf3 Nc6 3. Bb5 d6 4. d4 Bd7 5. O-O exd4 6. Nxd4 Nxd4 7. Bxd7+ Qxd7
8. Qxd4 Nf6 9. e5 dxe5 10. Qxe5+ Be7 11. Bf4 O-O-O 12. Qe3 Kb8 13. Nc3 Rde8 14.
Rad1 Qc6 15. Qd3 Bc5 16. a3 h6 17. b4 Bb6 18. a4 g5 19. Bc1 a6 20. a5 Ba7 21.
Bb2 Rhg8 22. b5 axb5 23. Nxb5 Bc5 24. Nd4 Qd6 25. Nf5 Qxd3 26. Rxd3 Rg6 27. Ba3
Ne4 28. Bxc5 Nxc5 29. Rh3 Ree6 30. Rd1 Rgf6 31. Ne3 Ra6 32. Ng4 Rfe6 33. Rf3 Rxa5
34. Rxf7 Raa6 35. h3 Rac6 36. Ne3 Rf6 37. Rh7 Ne4 38. f3 Nc5 39. Nd5 Rfd6 40.
Rh8+ Ka7 41. Ra1+ Na6 42. Ne7 Re6 43. Nxc6+ Rxc6 44. Ra2 Kb6 45. Kf1 Rd6 46. Re8
Ka7 47. Re7 Kb6 48. g3 Nc5 49. Ke2 Rd4 50. Ke3 Rd1 51. Rf7 Rd6 52. f4 Re6+ 53.
Kf3 gxf4 54. gxf4 Ne4 55. h4 h5 56. f5 Re8 57. Rh7 Nd2+ 58. Kf4 Re4+ 59. Kg5 Nf3+
60. Kxh5 Rxh4+ 61. Kg6 Ne5+ 62. Kg7 Rg4+ 63. Kf6 Re4 64. Re7 Ng4+ 65. Kf7 Nh6+
66. Kf6 Ng8+ 67. Kf7 Nxe7 1/2-1/2

[Event "XXX Ogolnopolski Turniej Juniorow FERIE 2013"]
[Site "Bydgoszcz"]
[Date "1899-12-30"]
[Round "9.7"]
[White "Kowalski, Roman"]
[Black "Walczak, Mikolaj"]
[Result "0-1"]
[WhiteTitle "II"]
[BlackTitle "III"]
[WhiteElo "1602"]
[BlackElo "1399"]

1. e4 c5 2. f4 Nc6 3. Nf3 d5 4. e5 e6 5. Bb5 Nge7 6. O-O Nf5 7. d4 Qb6 8. Bxc6+
bxc6 9. dxc5 Bxc5+ 10. Kh1 Ba6 11. Re1 Bf2 12. b3 Bxe1 13. Qxe1 O-O 14. Ba3 Rfe8
15. Nbd2 c5 16. c3 Qa5 17. Bb2 Bd3 18. g4 Ne7 19. h4 Nc6 20. h5 Qd8 21. Ba3 c4
22. b4 Rb8 23. Bc1 d4 24. Bb2 dxc3 25. Bxc3 Nxb4 26. Nd4 Nd5 27. Nc6 Qb6 28. Nxb8
Rxb8 29. Nf3 Nxc3 30. Qxc3 Qf2 31. Nh2 Be4+ 0-1

[Event "XXX Ogolnopolski Turniej Juniorow FERIE 2013"]
[Site "Bydgoszcz"]
[Date "1899-12-30"]
[Round "9.8"]
[White "Borkowska, Zuzanna"]
[Black "Szortyka, Dominik"]
[Result "0-1"]
[WhiteTitle "II"]
[BlackTitle "II"]
[WhiteElo "1247"]
[BlackElo "1541"]

1. e4 e6 2. d4 d5 3. e5 c5 4. c3 Nc6 5. Nf3 Qb6 6. Be2 Nge7 7. b3 Nf5 8. Bb2 cxd4
9. cxd4 Bb4+ 10. Kf1 O-O 11. a3 Be7 12. b4 a6 13. Bd3 f6 14. Bxf5 exf5 15. exf6
Bxf6 16. Ne5 Nxe5 17. dxe5 Qb5+ 18. Qe2 Qxe2+ 19. Kxe2 Re8 20. f4 Bd7 21. Nc3
Bc6 22. Kf2 Bd8 23. Rad1 Bb6+ 24. Kg3 Rad8 25. a4 d4 26. Ne2 d3 27. Nc3 Re6 28.
b5 Rg6+ 29. Kh4 Bxg2 30. Rhg1 Bf2+ 31. Kh5 Bf3+ 32. Rg4 Bxg4# 0-1

[Event "XXX Ogolnopolski Turniej Juniorow FERIE 2013"]
[Site "Bydgoszcz"]
[Date "1899-12-30"]
[Round "9.9"]
[White "Wloch, Mikolaj"]
[Black "Perenc, Pawel"]
[Result "1/2-1/2"]
[WhiteTitle "III"]
[BlackTitle "II"]
[WhiteElo "1287"]
[BlackElo "1519"]

1. e4 e5 2. Nf3 Nc6 3. Bc4 d6 4. Nc3 Bg4 5. h3 Bh5 6. Be2 Nf6 7. Nxe5 Bxe2 8. Nxc6
Bxd1 9. Nxd8 Bxc2 10. Nxb7 a5 11. O-O Ra7 12. Nxa5 Rxa5 13. f3 g6 14. b4 Ra8 15.
a4 Bg7 16. Bb2 Nd7 17. a5 Bd3 18. Rfe1 O-O 19. Kh1 Bd4 20. Na4 Bxb2 21. Nxb2 Bb5
22. d4 c6 23. Rec1 Rfc8 24. Na4 Kf8 25. Nc3 Ba6 26. d5 Bb5 27. dxc6 Bxc6 28. b5
Bxb5 29. Nxb5 Rxc1+ 30. Rxc1 Rxa5 31. Nxd6 Ra6 1/2-1/2

[Event "XXX Ogolnopolski Turniej Juniorow FERIE 2013"]
[Site "Bydgoszcz"]
[Date "1899-12-30"]
[Round "9.10"]
[White "Proczek, Mateusz"]
[Black "Skoczek, Karolina"]
[Result "0-1"]
[WhiteTitle "II"]
[BlackTitle "II+"]
[WhiteElo "1554"]
[BlackElo "1548"]

1. e4 c6 2. d4 d5 3. exd5 cxd5 4. Nc3 Nc6 5. Bb5 Nf6 6. Nf3 Bg4 7. h3 Bh5 8. O-O
e6 9. Qd3 Bg6 10. Qd1 Be7 11. Ne5 Qc7 12. Bf4 Bd6 13. Bxc6+ bxc6 14. Nxg6 hxg6
15. Bxd6 Qxd6 16. f4 O-O 17. Rb1 Rab8 18. a3 a5 19. Qe2 c5 20. Qe5 Qc6 21. Rfd1
Nd7 22. Qe3 cxd4 23. Qxd4 Qc5 24. Kh1 Qxd4 25. Rxd4 Rfc8 26. Rdd1 Rc4 27. g3 Rbc8
28. Rd2 Nf6 29. Kg1 d4 30. Ne2 Ne4 31. Rxd4 Nxg3 32. Rxc4 Nxe2+ 33. Kf2 Rxc4 34.
Kxe2 Rxc2+ 35. Kf3 Kf8 36. Kg4 Ke7 37. b4 axb4 38. Rxb4 Rc3 39. a4 Ra3 40. Rb7+
Kf6 41. Ra7 Ra1 42. Ra5 Rd1 43. Kg3 Ke7 44. Kg4 Rd7 45. Ra6 Kd8 46. Ra8+ Kc7 47.
Rg8 f6 48. Re8 Kd6 49. h4 Re7 50. Rd8+ Kc7 51. Rd4 Kb6 52. Kf3 Kc5 53. Ke4 Rb7
54. Ke3 Rb3+ 0-1